000 00791naa a22002057i 4500
001 232578
003 ES-MaBCM
005 20260312062530.0
008 260304s2025 sp ||||| ||||o00| 0 spa d
040 _cES-MaBCM
100 1 _aBauzá Martorell, Felio José
_94040
245 1 3 _aLa vocación del derecho administrativo de nuestro tiempo cincuenta años después :
_btributo a Alejandro Nieto
_cFelio José Bauzá Martorell
504 _aIncluye referencias bibliográficas
600 1 7 _aNieto, Alejandro
_d (1930-2023)
_2
_933618
650 7 _aDerecho administrativo
_958277
650 7 _aCiencia jurídica
_958276
650 7 _aHistoria del Derecho
_958879
773 0 _dMadrid
_gN. 227 (mayo-ag. 2025), 32 p. - Loc. S.026
_tRevista de administración pública
_w104514
942 _2udc
_cAREV
999 _c232578
_d232578